000 00278nam a22001097a 4500
008 170104b xxu||||| |||| 00| 0 eng d
020 _a9780323016100
041 _aeng
080 _26TH
_a618.2
245 _aMEDICAL SURGICAL NURSING
_cLEWIS & HEITKEMPER & DIRKSEN
942 _2udc
_cBK
999 _c2535
_d2535